00381nam a22001217a 4500010000900000020001500009037002800024100002000052245004400072260004000116270007700156300002600233 aNeha a8181030486 bSeema Publication House aSharma, Prayank aBeti Bachao Beti PadhaocPrayank Sharma aDelhibSeema Publishing Housec2021 a30\21-A, Ground Floor, Gali no- 9 Vishwas Nagar, Shahdra bDelhie110032 a278p.b c 22c.m(Hb)